Les écuries engagées au championnat du monde de Formule 1 (2017) - Statistiques

Statistiques générales
  • Ce quiz a été pris 589 fois
  • Le résultat moyen est 9 sur 10
Statistiques - réponses
Pilotes Ecurie % Correct
Lewis Hamilton / Valtteri Bottas Mercedes Grand Prix
100%
Sebastian Vettel / Kimi Räikkönen Scuderia Ferrari
100%
Daniel Ricciardo / Max Verstappen Red Bull Racing
98%
Romain Grosjean / Kevin Magnussen Haas F1 Team
94%
Stoffel Vandoorne / Fernando Alonso McLaren Racing
94%
Nico Hülkenberg / Jolyon Palmer Renault F1 Team
93%
Lance Stroll / Felipe Massa Williams F1 Team
88%
Sergio Pérez / Esteban Ocon Force India
82%
Daniil Kvyat / Carlos Sainz Jr. Scuderia Toro Rosso
81%
Marcus Ericsson / Pascal Wehrlein Sauber
73%
Aucun quiz correspondant
Distribution des résultats
% des personnes avec chaque résultat
Percentile par nombre de réponses
Votre historique - résultats
Vous n’avez pas pris ce quiz